000 00297nam a2200109Ia 4500
008 220204s9999 xx 000 0 und d
082 _a159.9:793
_bBER
100 _aBERNE, Eric
245 0 _aGames people play: The psychology of human relationships
260 _aNew York
_bGrove
_c1964
942 _cBK
999 _c30968
_d30968